| 000 | 00714nas a2200229 4500 | ||
|---|---|---|---|
| 001 | BR2015001543 | ||
| 003 | BR-BrBNA | ||
| 005 | 20231205125119.0 | ||
| 007 | ta | ||
| 008 | 230509b bl.|||p| |||| 00| 00por d | ||
| 040 |
_aBR-BrBNA _bpor _cBiblioteca Nacional de Agricultura |
||
| 041 | _a(Pt) | ||
| 072 | _aF63; F30 | ||
| 100 | 1 | _aSchuster, I. | |
| 245 | 1 | _aFluxo gênico e coexistência de lavouras com espécies transgênicas e convencionais | |
| 650 | _aPOLINIZAÇÃO | ||
| 650 | _aPUREZA | ||
| 650 | _aORGANISMO TRANSGÊNICO | ||
| 773 | 0 |
_tInformativo ABRATES (Brazil) _xISSN 0103-667X _g(Apr 2013), v. 23(1) p. 39-45 _wBR2015001543 |
|
| 909 |
_a202311 _bLúcia _c55 _dLúcia Elande |
||
| 942 |
_2AGRIS _n0 _cANA |
||
| 999 |
_c242711 _d242711 |
||